[Event "SCG-chT1 (Women)"]
[Site "Vrnjacka Banja"]
[Date "2005.10.24"]
[Round "8"]
[White "Trivunovic, Vesna"]
[Black "Maksimovic, Suzana"]
[Result "0-1"]
[WhiteElo "2011"]
[BlackElo "2233"]
[PlyCount "64"]
[EventDate "2005.10.17"]
[EventType "team"]
[EventRounds "11"]
[EventCountry "YUG"]
[SourceTitle "EXT 2006"]
[Source "ChessBase"]
[SourceDate "2005.11.24"]
[SourceVersion "1"]
[SourceVersionDate "2005.11.24"]
[SourceQuality "1"]

1. d4 Nf6 2. c4 e6 3. Nc3 Bb4 4. Qc2 Nc6 5. Nf3 d6 6. a3 Bxc3+ 7. Qxc3 a5 8. Bg5 h6 9. Bh4 g5 10. Bg3 Ne4 11. Qd3 f5 12. h3 Qf6 13. e3 e5 14. d5 Nb8 15. Nd2 Nxg3 16. fxg3 Nd7 17. Be2 0-0 18. 0-0 Nc5 19. Qc2 a4 20. Bh5 Bd7 21. Rae1 Qg7 22. e4 f4 23. gxf4 gxf4 24. Qc3 Kh8 25. Bd1 Rg8 26. Rf2 Qg3 27. Qxg3 Rxg3 28. Nf1 Rg7 29. Rf3 Rag8 30. Re2 Nxe4 31. Bc2 Ng5 32. Rc3 f3 0-1

[Event "SCG-chT1 (Women)"]
[Site "Vrnjacka Banja"]
[Date "2005.10.18"]
[Round "2"]
[White "Trivunovic, Vesna"]
[Black "Maric, Alisa"]
[Result "0-1"]
[WhiteElo "2011"]
[BlackElo "2420"]
[PlyCount "62"]
[EventDate "2005.10.17"]
[EventType "team"]
[EventRounds "11"]
[EventCountry "YUG"]
[SourceTitle "EXT 2006"]
[Source "ChessBase"]
[SourceDate "2005.11.24"]
[SourceVersion "1"]
[SourceVersionDate "2005.11.24"]
[SourceQuality "1"]

1. d4 Nf6 2. c4 e6 3. Nc3 Bb4 4. Qc2 0-0 5. a3 Bxc3+ 6. Qxc3 b6 7. Bg5 Bb7 8. f3 h6 9. Bh4 d5 10. e3 Re8 11. Bd3 Qe7 12. Ne2 Nbd7 13. 0-0 c5 14. dxc5 Nxc5 15. b4 Nxd3 16. Qxd3 dxc4 17. Qxc4 Rac8 18. Qb3 Bd5 19. Qb2 Bc4 20. Rfd1 Red8 21. Nc3 g5 22. Bf2 Nd7 23. Ne4 Bd5 24. Nc3 Bc6 25. e4 Ne5 26. Bd4 Nc4 27. Qe2 Bb7 28. Qf2 Rd7 29. e5 Rcd8 30. Nb5 Nxe5 31. Re1 Nd3 0-1